[Event "Hillerod-ch E"]
[Site "Hillerod"]
[Date "2022.05.15"]
[Round "1"]
[White "Rand, Svend Aage"]
[Black "Andersen, Lene"]
[Result "1-0"]
[WhiteElo "1440"]
[BlackElo "1271"]
[PlyCount "93"]
[EventDate "2022.05.15"]
[EventType "tourn"]
[EventRounds "5"]
[EventCountry "DEN"]
[SourceTitle "EXT 2025"]
[Source "ChessBase"]
[SourceDate "2024.10.14"]
[SourceVersion "1"]
[SourceVersionDate "2024.10.14"]
[SourceQuality "1"]

1. d4 d5 2. Nf3 h6 3. Bf4 Nc6 4. e3 a6 5. Nc3 Nf6 6. h3 Bf5 7. Bd3 e6 8. Bxf5 exf5 9. Ne5 Nxe5 10. dxe5 Ne4 11. Nxd5 c6 12. Nc3 Bb4 13. Qxd8+ Rxd8 14. Ke2 Rd2+ 15. Ke1 Rxc2 16. a3 Bxc3+ 17. bxc3 Rxf2 18. g4 g6 19. Rb1 b5 20. Rh2 Rf3 21. Rc1 g5 22. Ke2 fxg4 23. hxg4 Rxf4 24. exf4 gxf4 25. Kf3 Nc5 26. Rch1 Ke7 27. Rxh6 Rd8 28. Kxf4 Rd3 29. R1h3 Rxh3 30. Rxh3 Na4 31. Kf5 c5 32. g5 Nb2 33. Rh7 Ke8 34. Kf6 Nc4 35. Rxf7 Ne3 36. Ke6 Ng4 37. Ra7 Kf8 38. Rxa6 Kg7 39. Kf5 Ne3+ 40. Kf4 Nd5+ 41. Kf5 Nxc3 42. Ra7+ Kf8 43. g6 c4 44. g7+ Kg8 45. Ra8+ Kh7 46. g8Q+ Kh6 47. Qg6# 1-0

[Event "Hillerod Byturnering D"]
[Site "Hillerod"]
[Date "2019.05.14"]
[Round "3"]
[White "Rand, Svend Aage"]
[Black "Pedersen, Jan2"]
[Result "0-1"]
[WhiteElo "1480"]
[BlackElo "1447"]
[PlyCount "88"]
[EventDate "2019.04.23"]
[EventType "swiss"]
[EventRounds "7"]
[EventCountry "DEN"]
[SourceTitle "EXT 2024"]
[Source "ChessBase"]
[SourceDate "2023.10.10"]
[SourceVersion "1"]
[SourceVersionDate "2023.10.10"]
[SourceQuality "1"]

1. d4 d5 2. Nf3 e6 3. Bf4 Bd6 4. Bxd6 Qxd6 5. c3 b6 6. e3 Nf6 7. Bd3 h6 8. Nbd2 0-0 9. 0-0 Nbd7 10. a3 Bb7 11. Rc1 Ne4 12. Bxe4 dxe4 13. Ne1 f5 14. Nc2 c5 15. Nb1 Qe7 16. Qe2 a5 17. Rfd1 cxd4 18. Nxd4 Nc5 19. Qb5 Qc7 20. Qc4 Bd5 21. Qe2 e5 22. Nxf5 Bb3 23. Nxh6+ gxh6 24. Qg4+ Qg7 25. Qxg7+ Kxg7 26. Rd6 Rab8 27. Nd2 Bf7 28. Rd1 Rfd8 29. Nb1 Rxd6 30. Rxd6 Na4 31. Nd2 Nxb2 32. Nxe4 Nc4 33. Rd7 Nxa3 34. Nd6 Rf8 35. Rb7 b5 36. Nxb5 Nxb5 37. Rxb5 Rd8 38. h3 Rd5 39. Rb1 a4 40. Rc1 a3 41. c4 Ra5 42. c5 a2 43. Ra1 Rb5 44. Kh2 Rb1 0-1

[Event "Hillerod-ch D"]
[Site "Hillerod"]
[Date "2017.06.13"]
[Round "6"]
[White "Rand, Svend Aage"]
[Black "Rasmussen, Ole H"]
[Result "0-1"]
[WhiteElo "1456"]
[BlackElo "1615"]
[PlyCount "120"]
[EventDate "2017.05.02"]
[EventType "swiss"]
[EventRounds "7"]
[EventCountry "DEN"]
[SourceTitle "EXT 2023"]
[Source "ChessBase"]
[SourceDate "2022.10.05"]
[SourceVersion "1"]
[SourceVersionDate "2022.10.05"]
[SourceQuality "1"]

1. d4 Nf6 2. Nf3 d5 3. h3 e6 4. Bf4 c5 5. e3 Nbd7 6. Bb5 Qa5+ 7. Nc3 Ne4 8. Bxd7+ Bxd7 9. 0-0 Nxc3 10. bxc3 cxd4 11. cxd4 Bc6 12. Nd2 Be7 13. Nb3 Qd8 14. Qg4 Bf6 15. Qg3 Rc8 16. Be5 0-0 17. Bxf6 Qxf6 18. Rfc1 b6 19. a4 a5 20. Nd2 Qe7 21. Rcb1 Rb8 22. Nf3 Qe8 23. Qd6 Rd8 24. Qa3 Rb8 25. Ne5 Qc8 26. Qd6 Bb7 27. Ra2 Rd8 28. Qa3 f6 29. Nd3 Ba6 30. Rab2 Bxd3 31. Qxd3 Rd6 32. Qa3 Rc6 33. Qd3 Qc7 34. Rc1 Rc4 35. Ra2 Qc6 36. Rca1 Rc8 37. Rc1 Rc3 38. Qb5 Qxb5 39. axb5 Rb3 40. cxb3 Rxc1+ 41. Kh2 Rc3 42. Rb2 Kf7 43. g4 e5 44. dxe5 fxe5 45. Kg2 e4 46. Kf1 Ke6 47. Ke2 Ke5 48. Kd2 Rc5 49. Rc2 Rxc2+ 50. Kxc2 d4 51. Kb2 d3 52. Kc3 Kd5 53. Kd2 Kc5 54. f4 Kxb5 55. f5 Kc6 56. g5 Kd7 57. h4 Ke7 58. h5 Kf7 59. Kc3 b5 60. Kd2 a4 0-1

[Event "Hillerod Byturnering D"]
[Site "Hillerod"]
[Date "2016.05.24"]
[Round "4"]
[White "Rand, Svend Aage"]
[Black "Hviid, Jens"]
[Result "0-1"]
[WhiteElo "1522"]
[BlackElo "1556"]
[PlyCount "92"]
[EventDate "2016.04.26"]
[EventType "tourn"]
[EventRounds "7"]
[EventCountry "DEN"]
[SourceTitle "EXT 2024"]
[Source "ChessBase"]
[SourceDate "2023.10.10"]
[SourceVersion "1"]
[SourceVersionDate "2023.10.10"]
[SourceQuality "1"]

1. e4 d6 2. Nf3 g6 3. d4 Bg7 4. c3 Nf6 5. Bd3 0-0 6. h3 c5 7. d5 a5 8. a4 c4 9. Bc2 b6 10. Na3 Ba6 11. Be3 Nfd7 12. Nd2 Ne5 13. Bd4 Nd3+ 14. Bxd3 cxd3 15. Bxg7 Kxg7 16. c4 Nd7 17. Nb3 Ne5 18. Nd2 Rc8 19. b3 Nd7 20. 0-0 f5 21. exf5 Rxf5 22. Nf3 Nc5 23. Re1 Qf8 24. Re3 Qf6 25. Rb1 e5 26. dxe6 Nxe6 27. Rxd3 Bb7 28. Rxd6 Bxf3 29. gxf3 Rxf3 30. Rd7+ Kh6 31. Qd2+ Qg5+ 32. Qxg5+ Nxg5 33. h4 Ne4 34. Rf1 Rxb3 35. Rd4 Nc3 36. Re1 Rxa3 37. Rd3 Rxc4 38. Ree3 Ne2+ 39. Kf1 Rxd3 40. Rxd3 Nf4 41. Rd1 Rxa4 42. Kg1 Nh5 43. Rb1 Rb4 44. Rc1 Rxh4 45. Rc6 Rb4 46. Kg2 a4 0-1

[Event "Hillerod Byturnering D"]
[Site "Hillerod"]
[Date "2016.05.03"]
[Round "1"]
[White "Rand, Svend Aage"]
[Black "Jahic, Afan"]
[Result "1-0"]
[WhiteElo "1522"]
[BlackElo "1247"]
[PlyCount "87"]
[EventDate "2016.04.26"]
[EventType "tourn"]
[EventRounds "7"]
[EventCountry "DEN"]
[SourceTitle "EXT 2024"]
[Source "ChessBase"]
[SourceDate "2023.10.10"]
[SourceVersion "1"]
[SourceVersionDate "2023.10.10"]
[SourceQuality "1"]

1. e4 Nc6 2. Nf3 d5 3. exd5 Qxd5 4. Nc3 Qh5 5. Be2 Bg4 6. h3 0-0-0 7. d3 Nf6 8. Be3 e6 9. 0-0 Bxf3 10. Bxf3 Qa5 11. Bxc6 bxc6 12. Qf3 Kb8 13. Bd2 Bb4 14. a3 Bxc3 15. Bxc3 Qd5 16. Qe2 Rhg8 17. Rfe1 Nh5 18. Qe5 Qxe5 19. Rxe5 Nf4 20. Ree1 Nd5 21. Bd2 g5 22. Re5 h6 23. Rae1 Rd6 24. R5e4 Re8 25. Bb4 Nf6 26. R4e2 Rdd8 27. Bc3 Nd5 28. Bg7 Rg8 29. Be5 Nf4 30. Bxf4 gxf4 31. Re4 f3 32. g3 Rd5 33. Rf4 Rf5 34. Rxf5 exf5 35. Re5 f4 36. g4 Rg5 37. Re4 f5 38. Rb4+ Kc8 39. Rxf4 fxg4 40. Rxg4 Kd7 41. Kh2 Ke6 42. Kg3 Rh5 43. h4 Rf5 44. Rf4 1-0

[Event "Hillerod Byturnering E"]
[Site "Hillerod"]
[Date "2015.??.??"]
[Round "5"]
[White "Hansen, Hardy"]
[Black "Rand, Svend Aage"]
[Result "1-0"]
[WhiteElo "1463"]
[BlackElo "1493"]
[PlyCount "105"]
[EventDate "2015.04.28"]
[EventType "swiss"]
[EventRounds "7"]
[EventCountry "DEN"]
[SourceTitle "EXT 2024"]
[Source "ChessBase"]
[SourceDate "2023.10.10"]
[SourceVersion "1"]
[SourceVersionDate "2023.10.10"]
[SourceQuality "1"]

1. d4 d5 2. Nf3 Nf6 3. h3 c6 4. c3 Ne4 5. Bf4 e6 6. e3 Bd6 7. Ne5 Qe7 8. Nd2 Nxd2 9. Kxd2 Nd7 10. Qg4 Bxe5 11. dxe5 f6 12. exf6 Nxf6 13. Qf3 Rf8 14. Qe2 Ne4+ 15. Kc2 e5 16. Qh5+ g6 17. Qxe5 Qxe5 18. Bxe5 Rxf2+ 19. Kc1 Rf5 20. Bh2 Rf2 21. Rg1 Nd2 22. Bd3 Ne4 23. c4 Nc5 24. Bc2 dxc4 25. Bg3 Rf7 26. b4 Nd3+ 27. Bxd3 cxd3 28. Kd2 Bf5 29. Rge1 Be4 30. Rg1 Rf5 31. h4 Rd8 32. Rac1 Rdd5 33. Rc4 Bf3 34. gxf3 Rxf3 35. Rf4 Rxf4 36. Bxf4 a5 37. Rg5 Rxg5 38. hxg5 axb4 39. Bd6 Kf7 40. e4 Ke6 41. Bxb4 Ke5 42. Kxd3 b6 43. Bc3+ Ke6 44. Kc4 Kd7 45. a4 Ke6 46. a5 bxa5 47. Bxa5 Ke5 48. Kd3 Kd6 49. Bc3 c5 50. Kc4 Kc6 51. e5 Kd7 52. Kd5 Ke7 53. e6 1-0

[Event "Hillerod Nordea Cup E"]
[Site "Hillerod"]
[Date "2014.04.29"]
[Round "3"]
[White "Petersen, Albert Emil Lyng"]
[Black "Rand, Svend Aage"]
[Result "1/2-1/2"]
[WhiteElo "1569"]
[BlackElo "1534"]
[PlyCount "125"]
[EventDate "2014.04.29"]
[EventType "tourn"]
[EventRounds "7"]
[EventCountry "DEN"]
[SourceTitle "EXT 2024"]
[Source "ChessBase"]
[SourceDate "2023.10.10"]
[SourceVersion "1"]
[SourceVersionDate "2023.10.10"]
[SourceQuality "1"]

1. e4 c5 2. b3 d6 3. Bb2 Nc6 4. Nf3 Bg4 5. Nc3 Nf6 6. Bc4 e6 7. 0-0 Nd4 8. Bb5+ Nc6 9. h3 Bxf3 10. Qxf3 e5 11. Nd5 Be7 12. b4 a6 13. Bxc6+ bxc6 14. Nxe7 Qxe7 15. bxc5 dxc5 16. Qf5 Nd7 17. f4 f6 18. fxe5 fxe5 19. Rf2 Rf8 20. Qxh7 Rxf2 21. Kxf2 Qf7+ 22. Qf5 Qxf5+ 23. exf5 Ke7 24. Re1 Kd6 25. c4 Rf8 26. g4 g6 27. Re3 gxf5 28. gxf5 Rxf5+ 29. Rf3 Ke6 30. Rxf5 Kxf5 31. Kf3 Nf8 32. h4 Ne6 33. h5 Ng5+ 34. Ke3 Nf7 35. d3 Nh8 36. Kf3 Nf7 37. Bc1 Nd8 38. h6 Kg6 39. Ke4 Nf7 40. a3 Kf6 41. h7 Nd6+ 42. Kf3 Kg7 43. Bb2 Kxh7 44. Bxe5 Nf7 45. d4 cxd4 46. Bxd4 Kg6 47. c5 Kf5 48. Ke3 Nd8 49. Bc3 Ne6 50. Bd4 Nc7 51. a4 Nd5+ 52. Kd3 Ke6 53. Kc4 Kf5 54. Bg1 Ke4 55. Bd4 Nf4 56. Bb2 Ne2 57. Bc3 Nc1 58. Kb4 Na2+ 59. Kb3 Nc1+ 60. Kb4 Kd5 61. Ka5 Kxc5 62. Kxa6 Na2 63. Bd2 1/2-1/2

[Event "Nordea Cup-D"]
[Site "Hillerod"]
[Date "2013.06.04"]
[Round "6"]
[White "Pedersen, Ole1"]
[Black "Rand, Svend Aage"]
[Result "1/2-1/2"]
[WhiteElo "1537"]
[BlackElo "1491"]
[PlyCount "53"]
[EventDate "2013.04.30"]
[EventType "tourn"]
[EventRounds "7"]
[EventCountry "DEN"]
[SourceTitle "EXT 2023"]
[Source "ChessBase"]
[SourceDate "2022.10.05"]
[SourceVersion "1"]
[SourceVersionDate "2022.10.05"]
[SourceQuality "1"]

1. c4 Nf6 2. Nc3 g6 3. e4 d6 4. g3 Nc6 5. Bg2 Bg7 6. Nge2 0-0 7. 0-0 Ne8 8. d3 Nd4 9. Nxd4 Bxd4 10. Bh6 Bg7 11. Bxg7 Nxg7 12. d4 c6 13. f4 f5 14. e5 dxe5 15. dxe5 Be6 16. b3 Qb6+ 17. Kh1 Rfd8 18. Qe2 Rd4 19. Rad1 Rad8 20. Rxd4 Rxd4 21. Rd1 Qd8 22. Bf1 Bc8 23. Rxd4 Qxd4 24. Qd3 Qxd3 25. Bxd3 Ne6 26. Kg2 Nc5 27. Be2 1/2-1/2

[Event "Nordea Cup-D"]
[Site "Hillerod"]
[Date "2013.05.14"]
[Round "3"]
[White "Rand, Svend Aage"]
[Black "Jorgensen, Orla Eilegaard"]
[Result "1/2-1/2"]
[WhiteElo "1491"]
[BlackElo "1486"]
[PlyCount "61"]
[EventDate "2013.04.30"]
[EventType "tourn"]
[EventRounds "7"]
[EventCountry "DEN"]
[SourceTitle "EXT 2023"]
[Source "ChessBase"]
[SourceDate "2022.10.05"]
[SourceVersion "1"]
[SourceVersionDate "2022.10.05"]
[SourceQuality "1"]

1. e4 c5 2. Nf3 d6 3. Bc4 Nf6 4. d3 Nc6 5. a3 a6 6. Bg5 e6 7. 0-0 Be7 8. c3 b5 9. Bb3 Bb7 10. Nbd2 h6 11. Bxf6 Bxf6 12. Bc2 Rc8 13. Re1 0-0 14. Nf1 Ne5 15. Nxe5 Bxe5 16. Nd2 Re8 17. Nf3 Bf6 18. Re3 Qc7 19. Qe2 Qd8 20. Qd2 Qc7 21. Rc1 c4 22. d4 Rcd8 23. Qe2 Kh8 24. Re1 e5 25. dxe5 dxe5 26. Rd1 Be7 27. Rxd8 Rxd8 28. Qe1 Bc5 29. Re2 f6 30. Rd2 Rxd2 31. Qxd2 1/2-1/2

[Event "Hillerod-ch C"]
[Site "Hillerod"]
[Date "2004.04.27"]
[Round "1"]
[White "Rand, Svend Aage"]
[Black "Holm, Henrik"]
[Result "1/2-1/2"]
[WhiteElo "1469"]
[BlackElo "1467"]
[PlyCount "171"]
[EventDate "2004.04.27"]
[EventType "tourn"]
[EventRounds "7"]
[EventCountry "DEN"]
[SourceTitle "EXT 2023"]
[Source "ChessBase"]
[SourceDate "2022.10.05"]
[SourceVersion "1"]
[SourceVersionDate "2022.10.05"]
[SourceQuality "1"]

1. e4 d5 2. exd5 Nf6 3. Bb5+ Bd7 4. Bc4 Bg4 5. f3 Bh5 6. Nc3 a6 7. a4 c6 8. dxc6 Nxc6 9. d3 e6 10. Be3 Be7 11. Nge2 0-0 12. 0-0 Rc8 13. Nf4 Qd7 14. Nce2 Bd6 15. Nxh5 Nxh5 16. f4 Nf6 17. h3 Rfd8 18. Qe1 Nb4 19. Qd1 Qc7 20. c3 Nbd5 21. Bxd5 Nxd5 22. Bd2 Qb6+ 23. d4 Nf6 24. b4 Ne4 25. Be1 e5 26. Qd3 Nf6 27. fxe5 Bxe5 28. Qf3 Bd6 29. Bh4 Be7 30. Bxf6 Bxf6 31. Qf5 Qc6 32. Qf3 Qc7 33. a5 Rf8 34. Qg4 Be7 35. Rf3 Bd6 36. Nf4 Bxf4 37. Qxf4 Qxf4 38. Rxf4 Rxc3 39. Rd1 Rc4 40. Rf5 Rxb4 41. d5 Rb5 42. g4 Rxa5 43. Rb1 g6 44. Rf6 Rxd5 45. Rxb7 Kg7 46. Rxa6 h5 47. gxh5 Rxh5 48. Kg2 Rfh8 49. Ra3 Rf5 50. Kg3 Rhh5 51. h4 Rh8 52. Ra4 Re8 53. Rb3 Re1 54. Rf3 Rxf3+ 55. Kxf3 Rf1+ 56. Kg2 Rf5 57. Kg3 Re5 58. Kf4 Re7 59. Ra5 f6 60. Rd5 Rf7 61. Kg4 f5+ 62. Kf4 Kh6 63. Rd3 Re7 64. Rh3 Re4+ 65. Kf3 Kh5 66. Rg3 Rxh4 67. Kf2 Rg4 68. Rh3+ Kg5 69. Rh8 Re4 70. Kf3 Re6 71. Rh1 Kf6 72. Rh6 Kg7 73. Rh1 g5 74. Rg1 Kg6 75. Rh1 Rf6 76. Rh8 g4+ 77. Kf4 Kg7 78. Rh5 Kg6 79. Rg5+ Kh6 80. Rg8 Kh7 81. Rg5 Rg6 82. Rh5+ Kg7 83. Kxf5 g3 84. Rh1 g2 85. Rg1 Kh6 86. Kf4 1/2-1/2